| 000 | 00385nam a2200145Ia 4500 | ||
|---|---|---|---|
| 008 | 151213s9999 xx 000 0 und d | ||
| 100 | _aGeatanjali Mukharjee | ||
| 245 |
_aSeamus Heancy _cGeatanjali Mukharjee |
||
| 260 |
_aDhaka _bFriends Book Corner _c2009 |
||
| 300 | _a7717 p. | ||
| 650 | _aEnglish | ||
| 650 | _aEnglish Literature | ||
| 700 | _aGeatanjali Mukharjee | ||
| 999 |
_c4029 _d4029 |
||